小龙查理去上学 / (Record no. 10105)
[ view plain ]
| 000 -LEADER | |
|---|---|
| fixed length control field | 00933nam a22001817a 4500 |
| 001 - CONTROL NUMBER | |
| control field | 10105 |
| 003 - CONTROL NUMBER IDENTIFIER | |
| control field | FISKH |
| 005 - DATE AND TIME OF LATEST TRANSACTION | |
| control field | 20260408160528.0 |
| 008 - FIXED-LENGTH DATA ELEMENTS--GENERAL INFORMATION | |
| fixed length control field | 260408b cb ||||| |||| 00| 0 eng d |
| 040 ## - CATALOGING SOURCE | |
| Original cataloging agency | FISKH |
| Language of cataloging | chi |
| Transcribing agency | FISKH |
| Modifying agency | FISKH |
| 082 ## - DEWEY DECIMAL CLASSIFICATION NUMBER | |
| Classification number | 895.1 |
| 100 ## - MAIN ENTRY--PERSONAL NAME | |
| Personal name | 【法】亚历克斯·固索 |
| 245 ## - TITLE STATEMENT | |
| Title | 小龙查理去上学 / |
| Statement of responsibility, etc. | By 【法】亚历克斯·固索 |
| 300 ## - PHYSICAL DESCRIPTION | |
| Extent | 46 unnumbered pages : |
| Other physical details | color illustrations ; |
| Dimensions | 38 cm . |
| 520 ## - SUMMARY, ETC. | |
| Summary, etc. | 《小龙查理去上学》讲述了一只可爱的小龙查理第一次去上学的故事。查理既兴奋又有些紧张,在学校里他遇到了新老师和同学,也经历了一些小挑战。通过一天的学习与互动,他逐渐适应了校园生活,学会了与他人相处,并勇敢面对陌生环境。<br/><br/>这本绘本通过温暖有趣的故事,帮助孩子缓解入学焦虑,培养勇气和社交能力。 |
| 942 ## - ADDED ENTRY ELEMENTS (KOHA) | |
| Source of classification or shelving scheme | Dewey Decimal Classification |
| Koha item type | Chinese Book |
| Suppress in OPAC | No |
| Withdrawn status | Lost status | Source of classification or shelving scheme | Damaged status | Not for loan | Collection | Home library | Current library | Shelving location | Date acquired | Total Checkouts | Full call number | Barcode | Date last seen | Price effective from | Koha item type |
|---|---|---|---|---|---|---|---|---|---|---|---|---|---|---|---|
| Dewey Decimal Classification | Reference | Footprints International School Library Network Toul Tom Poung Campus | Footprints International School Library Network Toul Tom Poung Campus | Librarian's Shelf TTP | 04/08/2026 | 【法】亚历克斯·固索 895.1 | 2026-0477 | 04/08/2026 | 04/08/2026 | Chinese Book |
